000 00411nam a2200121Ia 4500
008 240731s9999 xx 000 0 und d
022 _a1745-9745
245 0 _aJournal of Mathematics and Music : Mathematical and Computational Approaches to Music Theory, Analysis, Composition and Performance
260 _bTaylor & Francis
856 _uhttps://www.tandfonline.com/loi/tmam20
942 _2ddc
942 _cTFEJ
999 _c77940
_d77940
945 _a1
_bMadushi Gamage
_c1
_dMadushi Gamage